Представление документа в формате RUSMARC

ПолеНазваниеЗначение
  Тип записи a
  Библиографический уровень m
001 Контрольный номер admiBOOK00018679
005 Дата корректировки 20140508173906.9
010 Индекс ISBN __
a ISBN 5-7493-0603-8
d Цена 38,00
100 Данные общей обработки __
a Данные общей обработки 19020304 |||y0 y0189 ca
101 Язык документа __
a Язык текста rus
105 Кодированные данные (монография) __
a Кодированные данные (монография) zy
200 Заглавие и сведения об ответственности 0_
a Заглавие Историко-этнографическое исследование региона: план-проспект, вопросы и анкеты
f Первые сведения об ответственности Л.И.Никонова, Ю.Н.Мокшина; Редкол.: В.А.Юрченков и др.; ГУ "НИИГН при Правительств РМе"
210 Выходные данные __
a Место издания Саранск
c Издательство Тип. "Краст. Окт."
d Дата издания 2003
215 Физическое описание __
a Объем 72с.
606 Тематические рубрики __
a Основная рубрика Этнография
610 Ключевые слова __
a Ключевые слова Этнография
a Ключевые слова Этнология
a Ключевые слова Народоведение
675 Индекс УДК __
a Индекс УДК 391/395
686 Индексы других классификаций __
a Классификационный индекс 63.5
700 Автор _1
a Фамилия Никонова
b Имя Л.И.
852 Данные о местонахождении __
c Местонахождение стеллажа 63.5
j Шифр хранения 63.5
852 Данные о местонахождении __
b Сигла хранения ЧЗ_1
t Номер экземпляра 1
i Авторский знак Н63
p Инвентарный номер 146121
901 Тип документа __
t Тип документа m
911 __
u 952a=Научная
u 952p=2048
938 Служебная информация __
a Название организации Саранский филиал
b Имя БД OUTPUT.MRC_Саранск
c Название АИБС АИБС Библиотека